Semut
| Main Author: | |
|---|---|
| Format: | Book |
| Published: |
Petaling Jaya :
Penerbitan Pan Earth ,
1992
|
| Series: | Siri Kitar Hidup Haiwan
|
| Subjects: |
MARC
| LEADER | 00000cam a2200000 7i4500 | ||
|---|---|---|---|
| 001 | 0000005376 | ||
| 002 | 000005808 | ||
| 005 | 20060116.0 | ||
| 020 | |a 9679567303 | ||
| 090 | 0 | 0 | |a 591.51 |b KIT |
| 100 | 1 | |a Terry, Trevor | |
| 245 | 1 | 0 | |a Semut |c Trevor Terry dan Margaret Linton |
| 260 | |a Petaling Jaya : |b Penerbitan Pan Earth , |c 1992 | ||
| 300 | |a 31p. : |b ill. ; |c 18cm. | ||
| 490 | 0 | |a Siri Kitar Hidup Haiwan | |
| 650 | 0 | 0 | |a Ants |x Juvenile Literature |
| 999 | |a 026986 |b BUKU |c JUNIOR BOOKS |e PERPUSTAKAAN KOMUNITI PETALING JAYA | ||